000 00536nam a22001457a 4500
005 20241017095210.0
008 241017b |||||||| |||| 00| 0 eng d
100 _aManila, Elisa.
_eauthor.
_963108
245 _aCook magazine at ifex nxtfood asia /
_cElisa Manila, and Shaira Barnuevo.
260 _aPhilippines;
_bPhilippine Graphic Publishing Inc.,
_cAugust 2019.
300 _aVolume 20, pages 68-81,
_billustration.
700 _aManila, Elisa.
_eauthor.
_963107
700 _aBarnuevo, Shaira.
_eauthor.
_963109
942 _2ddc
_cPER
999 _c22648
_d22648